| 000 | 005200000a22001930004500 | ||
|---|---|---|---|
| 999 |
_c49196 _d49196 |
||
| 001 | 2046 | ||
| 003 | CO-MdFUSB | ||
| 005 | 20171115165036.0 | ||
| 008 | 171115b xxu||||| |||| 00| 0 eng d | ||
| 020 | _a978-958-704-755-4 | ||
| 040 | _cCO-MdBIC | ||
| 082 | 0 | 4 | _a863C Ai28qh |
| 100 | 1 | _aSierra i Fabra, Jordi | |
| 245 | 1 | 0 | _aQuerido hijo: estás despedido / Jordi Sierra i Fabra ; ilustraciones Magalí Colomer |
| 300 | _a101 P. | ||
| 500 | _aPara mayores de 10 años | ||
| 650 | 1 | 4 | _aCuento juveniles |
| 942 | _cLGB | ||